Central Library OPAC University of Rajshahi
Normal view MARC view

Entry Topical Term

Number of records used in: 2

001 - CONTROL NUMBER

  • control field: 11393

003 - CONTROL NUMBER IDENTIFIER

  • control field: BD-RjUL

005 - DATE AND TIME OF LATEST TRANSACTION

  • control field: 20240204093153.0

008 - FIXED-LENGTH DATA ELEMENTS

  • fixed length control field: 240204|| aca||aabn | a|a d

040 ## - CATALOGING SOURCE

  • Original cataloging agency: BD-RjUL
  • Transcribing agency: BD-RjUL

150 ## - HEADING--TOPICAL TERM

  • Topical term or geographic name entry element: Persian Language شعر فارسي
  • Form subdivision: Poetry

670 ## - SOURCE DATA FOUND

  • Source citation: Work cat.: (BD-RjUL)82925: گنجوي, محمد بخش ابن محمد عظيم نظامي ;; Ganjavi, Muhammad Bakhsh Ibn Muhammad Azim Nizami [1256 ه؟, 1840 11392, سکندر نامه برى] / Sikandarʻnāmah-i barrī, /, 1923